Moby's Nursing PDQ: (Record no. 356045)
[ view plain ]
| 000 -LEADER | |
|---|---|
| fixed length control field | 00316nam a2200097Ia 4500 |
| 008 - FIXED-LENGTH DATA ELEMENTS--GENERAL INFORMATION | |
| fixed length control field | 180305s9999 xx 000 0 und d |
| 020 ## - INTERNATIONAL STANDARD BOOK NUMBER | |
| International Standard Book Number | 323028047 |
| 245 ## - TITLE STATEMENT | |
| Statement of responsibility, etc | Consultants, Jean Foret Giuddenss, Rae W. Langford |
| Title | Moby's Nursing PDQ: |
| Remainder of title | Practical Detailed Quick |
| 260 ## - PUBLICATION, DISTRIBUTION, ETC. (IMPRINT) | |
| Place of publication, distribution, etc | China |
| Name of publisher, distributor, etc | Mosby Inc. |
| Date of publication, distribution, etc | 2004 |
| 300 ## - PHYSICAL DESCRIPTION | |
| Extent | 209 Pages |
| Withdrawn status | Lost status | Source of classification or shelving scheme | Damaged status | Home library | Current library | Shelving location | Date acquired | Source of acquisition | Total Checkouts | Full call number | Barcode | Date last seen | Price effective from | Koha item type |
|---|---|---|---|---|---|---|---|---|---|---|---|---|---|---|
| Library of Congress Classification | Archives | Archives | 03/05/2018 | Donation | RT 62 .M65 2004 | C21295 | 05/15/2018 | 03/05/2018 | Books |